Evolución histórica del pensamiento parlamentario en Chile / (Record no. 182363)

MARC details
000 -LEADER
campo de control de longitud fija 00797nam a2200217 i 4500
001 - NÚMERO DE CONTROL
campo de control 182363
003 - IDENTIFICADOR DE NÚMERO DE CONTROL
campo de control ES-MaACL
005 - FECHA Y HORA DE LA ÚLTIMA TRANSACCIÓN
campo de control 20230906221605.0
008 - DATOS DE LONGITUD FIJA--INFORMACIÓN GENERAL
campo de control de longitud fija 130806s1986 ck |||| | spa d
080 ## - NÚMERO DE LA CLASIFICACIÓN DECIMAL UNIVERSAL
Número de la Clasificación Decimal Universal 342.53(83)(091)
100 1# - ENTRADA PRINCIPAL--NOMBRE DE PERSONA
Nombre de persona Heise González, Julio.
9 (RLIN) 153181
245 10 - MENCIÓN DEL TÍTULO
Título Evolución histórica del pensamiento parlamentario en Chile /
Mención de responsabilidad, etc. Julio Heise González.
260 ## - PUBLICACIÓN, DISTRIBUCIÓN, ETC.
Lugar de publicación, distribución, etc. Santiago de Chile :
Nombre del editor, distribuidor, etc. Academia Chilena de Ciencias Sociales,
Fecha de publicación, distribución, etc. 1986.
300 ## - DESCRIPCIÓN FÍSICA
Extensión 47 p. ;
Dimensiones 23 cm.
490 1# - MENCIÓN DE SERIE
Mención de serie Memorias de la Academia Chilena de Ciencias Sociales ;
Designación de volumen o secuencia 1
504 ## - NOTA DE BIBLIOGRAFÍA, ETC.
Nota de bibliografía, etc. Bibliografía.
650 #4 - PUNTO DE ACCESO ADICIONAL DE MATERIA--TÉRMINO DE MATERIA
Término de materia o nombre geográfico como elemento de entrada Parlamentarismo-
Subdivisión geográfica Chile-
Subdivisión de forma Historia.
9 (RLIN) 153182
830 0# - PUNTO DE ACCESO ADICIONAL DE SERIE-TÍTULO UNIFORME
Título uniforme Memorias de la Academia Chilena de Ciencias Sociales ;
Designación de volumen o secuencia 1
9 (RLIN) 183269
852 ## - LOCALIZACIÓN
Ubicación ES-MaACL
Número de control de estantería 2319-F-26
Holdings
Estatus retirado Estado de pérdida Estado de daño No para préstamo Colección Biblioteca de origen Biblioteca actual Ubicación en estantería Fecha de adquisición Fuente de adquisición Total de préstamos Signatura topográfica completa Código de barras Visto por última vez Precio de reemplazo Tipo de ítem Koha
        Colección de folletos Biblioteca del Ateneo de Madrid Biblioteca del Ateneo de Madrid Depósito folletos 06/08/2013     2319-F-26 1191641 23/02/2023 23/02/2023 Folleto